ՀՀ Գիտությունների ազգային ակադեմիայի հիմնարար գիտական գրադարան  =   Fundamental Scientific Library of NAS RA

Армяне в битве за Ленинград : (Record no. 343058)

MARC details
000 -LEADER
fixed length control field 00819nam a2200205 a 4500
001 - CONTROL NUMBER
control field 001053116
003 - CONTROL NUMBER IDENTIFIER
control field AM-YeHGA
005 - DATE AND TIME OF LATEST TRANSACTION
control field 20250617151023.0
008 - FIXED-LENGTH DATA ELEMENTS--GENERAL INFORMATION
fixed length control field 141225s2014 ||| r 000 0 rus d
020 ## - INTERNATIONAL STANDARD BOOK NUMBER
International Standard Book Number 9785906634108
040 ## - CATALOGING SOURCE
Original cataloging agency AM-YeHGA
041 0# - LANGUAGE CODE
Language code of text/sound track or separate title rus
090 ## - LOCALLY ASSIGNED LC-TYPE CALL NUMBER (OCLC); LOCAL CALL NUMBER (RLIN)
-- 344854
245 00 - TITLE STATEMENT
Title Армяне в битве за Ленинград :
Remainder of title Биографический справочник /
Statement of responsibility, etc. [Гл. ред. А. Меружанян].
260 ## - PUBLICATION, DISTRIBUTION, ETC.
Place of publication, distribution, etc. Санкт-Петербург :
Name of publisher, distributor, etc. Роза ветров,
Date of publication, distribution, etc. 2014.
300 ## - PHYSICAL DESCRIPTION
Extent 671 с. :
Other physical details [14] л. ил., портр., цв. ил.
440 #0 - SERIES STATEMENT/ADDED ENTRY--TITLE
Title Библиотека газеты "Аватамк"
653 0# - INDEX TERM--UNCONTROLLED
Uncontrolled term Армяне в Великой Отечественной войне 1941-1945 гг.
700 1# - ADDED ENTRY--PERSONAL NAME
Personal name Меружанян, Армен
Relator term ред.
Relationship edt
Holdings
Withdrawn status Lost status Source of classification or shelving scheme Damaged status Not for loan Collection Home library Current library Date acquired Shelving control number Total checkouts Full call number Barcode Date last seen Price effective from Koha item type Public note
    Universal Decimal Classification     General Fundamental Scientific Library Fundamental Scientific Library 09/01/2017     PII/656857 FL0317390 09/01/2017 09/01/2017 Գրքեր / Books 30 Days Loan
    Universal Decimal Classification     General Fundamental Scientific Library Fundamental Scientific Library 09/01/2017     PII/656969 FL0342391 09/01/2017 09/01/2017 Գրքեր / Books 30 Days Loan


ՀՀ ԳԱԱ հիմնարար գիտական գրադարան
ՀՀ,Երևան 0019
Մարշալ Բաղրամյան 24/6
հեռախոս:(374-10) 52-47-50
Հետադարձ կապ

All site content, except where otherwise noted, is licensed under a
Creative Commons License